Predpoklady vývoja pridanej hodnoty v podnikovej sfére na rok 2003

Spracovanie súboru účtovných výkazov akciových spoločností, štátnych podnikov, spoločností s ručením obmedzeným a družstiev za roky 1996-2001. Pojem pridaná hodnota. Vývoj pridanej hodnoty nefinančných organizácií SR podľa vybraných odvetví. Vývoj vybraných faktorov tvorby pridanej hodnoty. Formovan...

Descrizione completa

Salvato in:
Dettagli Bibliografici
Autore principale: Neumann, Stanislav
Natura: Capitolo di libro
Lingua:slovacco
Soggetti:
Tags: Aggiungi Tag
Nessun Tag, puoi essere il primo ad aggiungerne!!

MARC

LEADER 00000naa a2200000 4500
001 r048107
005 20220729111016.7
041 0 |a slo 
044 |a SK 
245 1 0 |a Predpoklady vývoja pridanej hodnoty v podnikovej sfére na rok 2003  |c Stanislav Neumann 
520 |a Spracovanie súboru účtovných výkazov akciových spoločností, štátnych podnikov, spoločností s ručením obmedzeným a družstiev za roky 1996-2001. Pojem pridaná hodnota. Vývoj pridanej hodnoty nefinančných organizácií SR podľa vybraných odvetví. Vývoj vybraných faktorov tvorby pridanej hodnoty. Formovanie ekonomického prostredia po roku 2001. Pravdepodobný vývoj pridanej hodnoty a riziká pre svetovú ekonomiku. 
610 2 0 |a hodnota pridaná 
610 2 0 |a prostredie podnikateľské 
610 2 0 |a prostredie ekonomické 
610 2 0 |a odvetvia činnosti ekonomickej 
610 2 0 |a organizácie nefinančné 
610 2 0 |a Slovensko 
610 2 0 |a 2003 
100 1 |a Neumann, Stanislav